Edmond Rostand 1868 – 1918
Saved in:
| Main Author: | |
|---|---|
| Format: | Book |
| Language: | English |
| Published: |
Fontemoing
1913
|
| Tags: |
Add Tag
No Tags, Be the first to tag this record!
|
MARC
| LEADER | 00000nam a22000007a 4500 | ||
|---|---|---|---|
| 008 | 210316b ||||| |||| 00| 0 eng d | ||
| 100 | |a HARASZTI, Gyula | ||
| 245 | |a Edmond Rostand 1868 – 1918 |c Gyula Haraszti | ||
| 260 | |b Fontemoing |c 1913 |h Paris |i 79141 |l PQ2635 .O8H2 | ||
| 942 | |a ddc |c BK |e O.A.JOHNSON |f 16/03/21 | ||
| 952 | |0 0 |1 0 |2 lcc |4 0 |6 PQ2635 O8 H2 |7 0 |9 1982 |a HOL |b HOL |c LP |d 2021-03-16 |l 0 |o PQ2635 .O8H2 |p 2021-5843 |r 2021-03-16 00:00:00 |w 2021-03-16 |y BK | ||
| 999 | |c 1038 |d 1038 | ||